000 00637nam a22001937a 4500
005 20251108171048.0
008 250721s1986 xx 000 0 ara d
082 1 4 _a809.3/ويس
100 1 _aويست، بول
245 1 0 _aالرواية الحديثة :
_bالإنجليزية و الفرنسية /
264 1 _aالقاهرة :
_bالهيئة المصرية العامة للكتاب،
_c1986.
300 _a-مج
490 0 _aالألف كتاب الثاني، 19
650 1 7 _aالقصة
650 1 7 _aتاريخ و نقد
700 1 _aمحمد، عبد الواحد
_eترجمة
942 _2ddc
_cBK
999 _c55615
_d55615